Classic rap / hip hop albums quiz - Statistics

General Stats
  • This quiz has been taken 5,922 times
  • The average score is 10 of 16
Answer Stats
Album Artist % Correct
The Marshall Mathers LP Eminem
97%
Illmatic Nas
91%
Good Kid, M.A.A.D City Kendrick Lamar
90%
Tha Carter III Lil' Wayne
88%
The Chronic Dr. Dre
87%
Life After Death The Notorious B.I.G.
85%
Reasonable Doubt Jay-Z
81%
The Don Killuminati: The 7 Day Theory 2Pac
71%
Aquemini Outkast
67%
The Infamous Mobb Deep
48%
It Takes A Nation of Millions To Hold Us Back Public Enemy
48%
Paid In Full Eric B. & Rakim
41%
Only Built 4 Cuban Linx Raekwon
36%
The Score The Fugees
35%
Black Sunday Cypress Hill
18%
Hard To Earn Gang Starr
15%
No matching quizzes found
Score Distribution
Percent of People with Each Score
Percentile by Number Answered
Your Score History
You have not taken this quiz